| 000 | 00831cad a22002175a 4500 | ||
|---|---|---|---|
| 001 | L155737 | ||
| 008 | 120413e2012 xxk 000 0 eng d | ||
| 035 | _a(Sirsi) u155737 | ||
| 041 | 0 | _aeng | |
| 110 | 2 | _aSilverdell PLC | |
| 245 | 0 | 4 |
_aThe history of asbestos in the UK _bthe story so far _basbestos uses and regulations timeline _h[electronic resource] |
| 260 |
_aLondon _bSilverdell PLC _c2012 |
||
| 520 | _aThis article looks at the history of asbestos use in the UK from 1906 to 2011. | ||
| 590 | _aKA NTK | ||
| 651 | 4 |
_aUnited Kingdom _y |
|
| 690 |
_aHealth and safety _96244 |
||
| 690 |
_aMinerals and waste _96257 |
||
| 690 |
_aContamination _96231 |
||
| 856 | 4 | 0 |
_uhttps://www.silverdell.plc.uk/images/downloads/Silverdell_History_of_Asbestos.pdf _zView the article free of charge at www.silverdell.plc.uk |
| 942 | _n0 | ||
| 999 |
_c113783 _d113783 |
||